02121njm a2200385Ia 450000100060000000300090000600500170001500800410003204000130007304000130008699900170009999900090011610000160012510000240014110000430016524500380020825000110024626000110025726000120026830000100028030000290029050000710031950502440039065000560063470000670069070001120075770001070086970001010097670000970107770001380117470000820131270000950139494200120148995202340150123978IT-RoPAU20220918181121.0131025s9999 xx 000 0 und d aIT-RoPAU cIT-RoPAU c99804d99804 bn.d. aAA.VV.9794 eAutore musica98008 gCodice autore musica SPICS: 120009796 aToccatas pour orgue (Lp 6504 017) a1a ed. aFRANCE bPHILIPS aDISCO c40 minuti (Testo: pag.) aMusica classica. Musica per organo de la Matthias-Kirche de Berlin aToccata en fa majeur, Bwv 540 (11:00) - Toccata pour l'elevation (5:00) - Toccata en fa majeur (5:00) - Toccata en sol mineur (4:00) - Toccata de la 5 symphonie pour orgue en fa majeur op. 42 (5:00) - Toccata (9:00) - Toccata op. 11 (5:00) aCLASSICA [DISCHI]eCodice MATERIA SPICS: 995091157 aGuillou JeangCodice interprete SPICS: 1434898009eInterprete aBach Johann SebastiangCodice autore musica SPICS: 9695eAutore musicapToccata en fa majeur, Bwv 54098010 aFrescobaldi GirolamogCodice autore musica SPICS: 12254eAutore musicapToccata pour l'elevation98011 aBuxtehude DietrichgCodice autore musica SPICS: 14345eAutore musicapToccata en fa majeur98012 aSeixas CarlosgCodice autore musica SPICS: 14346eAutore musicapToccata en sol mineur98013 aWidor Charles-MariegCodice autore musica SPICS: 14347eAutore musicapToccata de la 5 symphonie pour orgue en fa majeur op. 4298014 aGuillou JeangCodice autore musica SPICS: 14348eAutore musicapToccata98015 aProkofiev SergiejgCodice autore musica SPICS: 11086eAutore musicapToccata op . 1198016 cMD2ddc 001040623978_00000000000000071aSPICSbSPICSd2013-10-25l0o23978r2013-10-25 00:00:00w2013-10-25yMDzProgr. Ins.: 4825 / N.Vol.: 1 / Copie: 1 - Copia rara: n.d. / date import: 01.01.2014 - By Epidotti, Trombetti, Vaglietti